00347cam a2200145ua 4500041001000000082001900010100001900029245005600048250001200104260004300116300001100159504000500170942000700175999001900182 aengh a828.09bMAL/TH aMallik, B R . aTheory of poetry / cB R Mallik.hTextual Documents a2 / b. aNew Delhi : bS.Chand & Sons , c1960. a92 ; . a cBK c329977d329977